000 02716nam0a2200373 4500
001 RU\NLR\BIBL_A\012021252
005 20260407115654.0
035 _a(NLR Aleph) 012021252
090 _a11502909
_c11502909
100 _a20190524d1897 u y0rusy50 ca
101 0 _arus
102 _aRU
105 _ay z 000zy
200 1 _aОб учреждении в Рижском учебном округе третьей должности директора народных училищ и шести новых должностей инспекторов народных училищ
_eпредставление по сему делу разослано Членам Государственного Совета, в печатных экземплярах
_fГосударственный совет в Департаменте государственной экономии. Министерство народного просвещения. 17 апреля 1897 года. № 125
210 _a[Санкт-Петербург
_cб. и.]
_d1897
215 _a3 с.
_d34
300 _aВ конце текста: подписали: М. Каханов, В. Маркус Н. Чихачов [и др.]; Скрепил: Статс-Секретарь Г. Шамшин
300 _aНа 1-й с.: CDIII, 1
601 0 2 _aРижский учебный округ
_jДокументы и материалы
_xПедагогические кадры
_92414236
_3RU\NLR\AUTH\6601657213
686 3 _aЧ34(28-86Ри)п
702 1 _4720
_7ca
_8rus
_aКаханов
_bМ. С.
_f1833-1900
_gМихаил Семёнович
_9197457
_3RU\NLR\AUTH\770197508
702 1 _4720
_7ca
_8rus
_aМаркус
_bВ. М.
_f1826-1901
_gВладимир Михайлович
_9197462
_3RU\NLR\AUTH\770197513
702 1 _4720
_7ca
_8rus
_aЧихачёв
_bН. М.
_cадмирал, гос. деятель
_f1830-1917
_gНиколай Матвеевич
_9197499
_3RU\NLR\AUTH\770197550
702 1 _4720
_aШамшин
_bГ. И.
_cгос. деятель
_f1853-1918
_gГригорий Иванович
_9197513
_3RU\NLR\AUTH\770197564
711 0 2 _aРижский учебный округ
_3RU\NLR\AUTH\8810018724
_9535323
711 0 1 _aРоссия
_bМинистерство народного просвещения
_3RU\NLR\AUTH\889944176
_9383530
711 0 1 _aРоссия
_bГосударственный совет
_3RU\NLR\AUTH\889948587
_9392796
712 0 1 _4570
_aРоссия
_bДепартамент государственной экономии
_3RU\NLR\AUTH\889933514
_9362122
852 _aNLR
_j135/294-316 (21)
942 _cBOOK
980 _aNB